Представление документа в формате MARC21

Поле Инд. ПП Название Значение
Тип записи a
Библиографический уровень m
001 Контрольный номер RU/IS/BASE/215535434
005 Дата корректировки 20230516115654.0
008 Кодируемые данные 20061030
041 a Код языка текста rus
084 a Индекс другой классификации/Индекс ББК 60.9; 60.542.14(2Рос); 60.57(2Рос); 60.561.9(2Рос); 65.272(2Рос); 65.278г(2Рос)53; 63.3(2)53-76
090 a Полочн. индекс 95.2+60
x Авторский знак С 672
245 a Заглавие Сотис - социальные технологии, исследования
b Продолж. заглавия научно-практический журнал
n Номер части/ раздела №5/2006
c Ответственность гл. ред. В. А. Румянцев
260 a Место издания Москва
b Издательство СПО "СОТИС"
c Дата издания 2006
300 a Объем 104 с.
500 a Примечание Журнал
500 10 a Примечание Опубликован: Методические рекомендации по применению правил предоставления субсидий на оплату жилого помещения и коммунальных услуг (Утв. 26.05.2006) (начало, см. окончание в № 6, 2006)
505 a Форматированное содержание Методические рекомендации по применению правил предоставления субсидий на оплату жилого помещения и коммунальных услуг (Утв. 26.05.2006)
530 a Примеч. о доп. формах оглавление
650 a Основная рубрика социальная работа
a Основная рубрика социальные науки (общественные науки)
a Основная рубрика социология
653 a Ключевые слова благотворительность
a Ключевые слова дети
a Ключевые слова дети, оставшиеся без попечения родителей
a Ключевые слова дополнительное образование
a Ключевые слова история благотворительности
a Ключевые слова купечество
a Ключевые слова младший школьный возраст
a Ключевые слова модернизация образования
a Ключевые слова образование
a Ключевые слова оплата жилищно-коммунальных услуг
a Ключевые слова оплата жилья
a Ключевые слова педагогическая психология
a Ключевые слова педагогическое образование
a Ключевые слова полоролевая социализация
a Ключевые слова психология
a Ключевые слова реабилитационные центры
a Ключевые слова регионы России
a Ключевые слова Россия
a Ключевые слова социализация детей
a Ключевые слова социальная защита
a Ключевые слова социальная защита детей
a Ключевые слова социальная помощь
a Ключевые слова социологическое образование
a Ключевые слова социология групп
a Ключевые слова социология образования
a Ключевые слова субсидии
a Ключевые слова Тамбовская губерния
a Ключевые слова центры социальной помощи
a Ключевые слова школьники
700 a Автор Лаптев Л. Г.
700 1_ a Автор Поддубная Т. Н.
700 1_ a Автор Прюсс Ф.
700 1_ a Автор Буркова О.
700 1_ a Автор Егоров В. А.
700 1_ a Автор Морова Н. С.
700 1_ a Автор Дремина И. Е.
700 1_ a Автор Грунина С. О.
700 1_ a Автор Шипунова Л. А.
700 1_ a Автор Араканцева Т. А.
700 1_ a Автор Деревягина Т. Г.
773 w Контрольный № источника RU/IS/BASE/403894934
900 a Имя электронного ресурса ~p_sotis_5_06
d Дата загрузки макрообъекта 20100101
x Справочная информация Оглавление
901 t Тип документа s
952 a Тип литературы для КСУ ВШ НЖ